Vegetatív idegrendszer

Elmentve itt :
Bibliográfiai részletek
Szerző: Nógrádi Antal
Dokumentumtípus: Videó
Megjelent: 2023-11-28
Kulcsszavak:idegrendszer
idegélettan
anatómia
Tárgyszavak:
Online Access:http://eta.bibl.u-szeged.hu/5893
LEADER 00815ngm a2200241 i 4500
001 eta5893
005 20231129080211.0
008 231129s2023 hu o 0|| hun d
040 |a SZTE Elektronikus Tananyag Archívum  |b hun 
041 |a hun 
100 1 |a Nógrádi Antal 
245 1 0 |a Vegetatív idegrendszer  |h [elektronikus dokumentum] /  |c  Nógrádi Antal 
246 1 0 |a Autonomic nervous system  |h [elektronikus dokumentum] 
260 |c 2023-11-28 
516 |a Video 
650 4 |a Orvos- és egészségtudomány 
650 4 |a Általános orvostudomány 
650 4 |a Anatómia és morfológia 
650 4 |a Humán anatómia 
695 |a idegrendszer 
695 |a idegélettan 
695 |a anatómia 
856 4 0 |u https://eta.bibl.u-szeged.hu/5893/1/2023-24_sem1_lect_hun_online04_-_vegetativ_ir.mp4  |z Dokumentum-elérés